Mixed Word: 5 Letter A-Z VII Quiz Stats

Quiz Updated Feb 15, 2012

Challenge
Share
Tweet
Embed
Score 0/26 Timer 02:00
0 Plays Today
Mixed Word Answer % Correct
CHEBEBEECH
93.7%
PUGYPGUPPY
92.6%
YEMENENEMY
91.5%
SARIPPARIS
91.1%
GEDUJJUDGE
90.6%
MAEFLFLAME
90.6%
CHOMAMOCHA
87.1%
TUQSEQUEST
85.9%
GRANEANGER
85.5%
BASAMSAMBA
82.3%
COLGILOGIC
80.8%
ZAPTOTOPAZ
79.5%
NAJINNINJA
79.3%
Mixed Word Answer % Correct
BABIRRABBI
78.9%
KHISWWHISK
76.3%
ODINGDINGO
76%
RHYPEHYPER
73.7%
REPOAOPERA
72.6%
NOCELCLONE
72.1%
BEBAKKEBAB
68.4%
LODEYYODEL
58%
ROVISVISOR
56.2%
PRUUSUSURP
44.6%
TINGOINGOT
39.6%
TIIZZZIZIT
23%
XEESRXERES
18.5%

You're not logged in!

Compare scores with friends on all Sporcle quizzes.
Join for Free
OR
Log In

You Might Also Like...

Show Comments

Extras

Top Quizzes Today


Score Distribution

Your Account Isn't Verified!

In order to create a playlist on Sporcle, you need to verify the email address you used during registration. Go to your Sporcle Settings to finish the process.

Report this User

Report this user for behavior that violates our Community Guidelines.

Details: